00448nam a2200145Ia 4500003000400000005001700004008004100021020001800062040000900080082001500089100003200104245010900136260004800245300000900293OSt20200618145139.0190216s9999||||xx |||||||||||||| ||und|| a9780198060185 coclc a954bCHA/O aChattopadhyaya, Brajadulal  4aThe Oxford India Kosambi :bCombined Methods In Indology And Other Writings /cBrajadulal Chattopadhyaya bOxford University Press,c2011.aNew Delhi: a867p